Liedtext erkennen #7 - Statistiken

Allgemein
  • Dieses Quiz wurde 162 mal gespielt
    158 seit der letzten Aktualisierung
  • Das Durchschnittsergebnis liegt bei 76 aus 209
Antwortstatistiken
Antwort % Korrekt
I
99%
i
99%
I
99%
a
92%
you
88%
the
81%
be
68%
we
68%
it
67%
me
65%
and
64%
And
64%
is
63%
are
60%
do
60%
who
59%
on
58%
can
57%
no
56%
where
56%
in
53%
your
52%
My
50%
my
50%
that
50%
That
50%
have
47%
So
47%
of
45%
then
45%
This
43%
this
43%
what
43%
not
42%
live
40%
life
37%
for
36%
its
36%
Its
36%
know
36%
one
36%
was
36%
dont
33%
but
32%
But
32%
ever
31%
there
30%
like
29%
see
29%
if
28%
If
28%
Im
27%
man
27%
boy
26%
how
26%
or
26%
best
25%
1970 Jahr
23%
did
23%
now
22%
youre
22%
yours
22%
thing
20%
world
20%
mean
18%
those
18%
been
17%
little
17%
song
17%
down
16%
feelin
16%
much
16%
off
16%
tell
16%
tell...
16%
bit
15%
got
15%
house
15%
mind
14%
oh
14%
big
13%
kind
12%
eyes
11%
hope
11%
people
11%
these
11%
blue
10%
Ive
10%
really
10%
again
9%
buy
9%
done
9%
Elton John Interpret
9%
everybody
9%
funny
9%
id
9%
inside
9%
may
9%
put
9%
things
9%
while
9%
both
7%
cold
7%
green
7%
hide
7%
money
7%
Your Song Titel
7%
easily
6%
theyre
6%
Well
6%
well
6%
keep
5%
makes
5%
ones
5%
seen
5%
show
5%
simple
5%
wonderful
5%
words
5%
quite
4%
suns
4%
wrote
4%
few
3%
gift
3%
sat
3%
excuse
2%
forgotten
2%
potions
2%
sculptor
2%
sweetest
2%
travellin
2%
anyway
1%
cross
1%
forgettin
1%
heh
1%
kicked
1%
moss
1%
roof
1%
theyve
1%
turned
1%
verses
1%
Keine übereinstimmenden Quizze gefunden
Verteilung der Resultate
Anzahl Personen mit jedem Resultat
Perzentil nach korrekt beantworteten Fragen
Ihre Resultats-Entwicklung
Sie haben dieses Quiz seit der letzten Aktualisierung nicht gespielt